Il était une fois en Amérique - série d'animation - Statistiques

Statistiques générales
  • Ce quiz a été pris 20 fois
  • Le résultat moyen est 15 sur 24
Statistiques - réponses
Hint Réponse % Correct
Le rêve obstiné de Christophe Colomb
100%
Simon Bolivar
88%
Les Aztèques avant la conquête
88%
Jacques Cartier
81%
Le bois d'ébène
81%
La guerre d'indépendance
81%
Les conquérants du Grand Nord
81%
La rue vers l'or
81%
L' Amérique !
75%
Samuel de Champlain
75%
Que viva Mexico !
75%
America America !
69%
Les 13 colonies vers l'Indépendance
69%
L'Angleterre et les 13 colonies
63%
Cortès et les Aztèques
50%
Pizarre et l'Empire inca
50%
Les premiers américains
44%
La terre, promise
44%
(2 épisodes) Les Indiens aux XVIIe et XVIIIe siècles
44%
L'époque des conquistadors
38%
Les Chasseurs
31%
La fin du rêve français
31%
La fin du peuple indien
31%
Les bâtisseurs de tumulus
25%
Aucun quiz correspondant
Distribution des résultats
% des personnes avec chaque résultat
Percentile par nombre de réponses
Votre historique - résultats
Vous n’avez pas pris ce quiz